Les villes les plus peuplées de France commençant par T - Statistiques

Statistiques générales
  • Ce quiz a été pris 105 fois
  • Le résultat moyen est 8 sur 15
Statistiques - réponses
Départements Population Villes % Correct
Haute-Garonne 494 000 Toulouse
99%
Var 179 000 Toulon
96%
Indre et Loire 137 000 Tours
93%
Aube 62 000 Troyes
85%
Nord 99 000 Tourcoing
84%
Hautes Pyrénées 43 000 Tarbes
77%
Moselle 41 000 Thionville
58%
Haute-Savoie 36 000 Thonon-les-Bains
52%
La Réunion (Le) 80 000 Le Tampon
50%
Gironde 44 000 Talence
41%
Yvelines 33 000 Trappes
37%
Seine Saint Denis 37 000 Tremblay-en-France
29%
Val de Marne 31 000 Thiais
14%
Val d'Oise 27 000 Taverny
11%
Haute Garonne 28 000 Tournefeuille
9%
Aucun quiz correspondant
Distribution des résultats
% des personnes avec chaque résultat
Percentile par nombre de réponses
Votre historique - résultats
Vous n’avez pas pris ce quiz